| 000 | 00574nam a2200205 i 4500 | ||
|---|---|---|---|
| 001 | 109747 | ||
| 003 | ES-MaACL | ||
| 005 | 20250815062606.0 | ||
| 007 | t| | ||
| 008 | 061121m19171918sp a 00110 spa d | ||
| 080 | _a94(100) | ||
| 100 | 1 |
_aOncken, Wilhelm. _987057 |
|
| 245 | 1 | 0 |
_aHistoria universal / _cpor Guillermo Oncken. |
| 250 | _aNueva ed. rev. y puesta al día. | ||
| 260 |
_aBarcelona : _bMontaner, _c1917-1918. |
||
| 300 |
_a2 v. : _bil ; _c25 cm. |
||
| 650 | 7 |
_aHistoria universal _2embne _913429 |
|
| 852 | 4 |
_aES-MaACL _jB-13386-87 |
|
| 999 |
_c109747 _d109747 |
||